flag quiz#2 - Statistics

General Stats
  • This quiz has been taken 10 times
  • The average score is 13 of 16
Answer Stats
Picture Answer % Correct
malta
100%
panama
100%
saudi arabia
100%
argentina
90%
ecuador
90%
guatemala
90%
qatar
90%
uruguay
90%
venezuela
90%
dominica
80%
malaysia
80%
cameroon
70%
palau
70%
saint lucia
70%
trinidad and tobago
70%
kiribati
60%
No matching quizzes found
Score Distribution
Percent of People with Each Score
Percentile by Number Answered
Your Score History
You have not taken this quiz